Pure Ice type Pokemon - Statistics

General Stats
  • This quiz has been taken 7 times
  • The average score is 18 of 20
Answer Stats
Pokemon from Answer % Correct
Unova Beartic
100%
Paldea Cetitan
100%
Paldea Cetoddle
100%
Unova Cryogonal
100%
Unova Cubchoo
100%
Galar Eiscue
100%
Hoenn Glalie
100%
Hoenn Snorunt
100%
Unova Vanillish
100%
Unova Vanillite
100%
Unova Vanilluxe
100%
Alola Vulpix
100%
Kalos Avalugg
83%
Kalos Bergmite
83%
Hoenn Castform
83%
Sinnoh Glaceon
83%
Hoenn Regice
83%
Galar Darmanitan
50%
Galar Darumaka
50%
Galar Glastrier
50%
No matching quizzes found
Score Distribution
Percent of People with Each Score
Percentile by Number Answered
Your Score History
You have not taken this quiz